Sonetos a las virtudes

Đã lưu trong:
Chi tiết về thư mục
Tác giả chính: Jenkins Dobles, Eduardo
Định dạng: Sách
Ngôn ngữ:Undetermined
Được phát hành: San José, Costa Rica Editorial Costa Rica 1970
Những chủ đề:
Các nhãn: Thêm thẻ
Không có thẻ, Là người đầu tiên thẻ bản ghi này!

MARC

LEADER 00000nam a2200000Ia 4500
008 170316s9999 xx 000 0 und d
040 |a cru BVZT 
090 |a 868 J-3s 
100 |a Jenkins Dobles, Eduardo 
245 |a Sonetos a las virtudes 
260 |a San José, Costa Rica 
260 |b Editorial Costa Rica 
260 |c 1970 
300 |a 59 páginas 
650 |a LITERATURA COSTARRICENSE 
650 |a POESÍA COSTARRICENSE 
942 |c 15 D 
999 |c 11224  |d 11224